Online Catalogue and eLibrary

Secularism, Democracy, Justice : (Record no. 416)

MARC details
000 -LEADER
fixed length control field 00531nam a22001817a 4500
005 - DATE AND TIME OF LATEST TRANSACTION
control field 20240216055012.0
008 - FIXED-LENGTH DATA ELEMENTS--GENERAL INFORMATION
fixed length control field 240216b |||||||| |||| 00| 0 eng d
020 ## - INTERNATIONAL STANDARD BOOK NUMBER
ISBN 0761992146
082 ## - DDC Classification
DDC Edition Number 22
Class No. 320.01
Item Number - Author Mark SEC.
100 ## - MAIN ENTRY--PERSONAL NAME
Personal name Rajan, Nalini.
245 ## - TITLE STATEMENT
Title Secularism, Democracy, Justice :
Remainder of title Implications of rawlsian principles in india /
Statement of responsibility, etc. Nalini, Rajan.
250 ## - EDITION STATEMENT
Edition statement 1st.
260 ## - PUBLICATION, DISTRIBUTION, ETC.
Place of publication, distribution, etc. New Delhi .,
Name of publisher, distributor, etc. Sage Publications India Pvt Ltd ,
Date of publication, distribution, etc. 1998.
300 ## - PHYSICAL DESCRIPTION
Extent (e.g. Volumes, Pages etc.) 220, p.,
650 ## - SUBJECT ADDED ENTRY--TOPICAL TERM
Topical term or geographic name entry element social Justice
650 ## - SUBJECT ADDED ENTRY--TOPICAL TERM
Topical term or geographic name entry element Democracy
942 ## - Koha item type (Biblio)
Koha item type Books in Stacks (Lending)
Holdings
Lost status Damaged status Collection code Home library Current library Date acquired Full call number Accession Number Item type
    Lending WERC Library WERC Library 02/16/2024 320.01 SEC. 2512 Books in Stacks (Lending)

© WERC Library